000
00368nam a22001337a 4500
082
_a
346.015 MAH
100
_a
Mahmood, M.
245
_a
The Code of Muslim Family Laws /
_c
M. Mahmood
260
_a
Lahore :
_b
Al-Qanoon Publishers,
_c
2021.
300
_a
1396 p. ;
_c
24 cm.
942
_2
ddc
_c
BK
999
_c
587076
_d
587076